000 00367nam a2200145Ia 4500
008 230312s9999||||xx |||||||||||||| ||und||
020 _a07668-1715-60
082 _a004.165
_bBLA-T
100 _aBlack
245 0 _aTechnician's guide to 68hc11 microcontroller
260 _bDELMAR
_acanada
_c2001
300 _a389
650 _aEngineering
_vMechanics
942 _cBK
999 _c12315
_d12315